| 000 | 00313nam a22000977a 4500 | ||
|---|---|---|---|
| 999 |
_c515766 _d515766 |
||
| 082 | _aTNC A6x5411 D26 | ||
| 100 |
_aDastidar, Sachi G. _921588 |
||
| 245 |
_aEmpire's last casualty : _bIndian subcontinent's vanishing hindu and other minorities _cby Sachi G. Dastidar |
||
| 260 |
_aKolkata _bFKPL _c2008 |
||
| 300 | _a333p. | ||